| 000 | 01141nam a22003377a 4500 | ||
|---|---|---|---|
| 003 | CHAP | ||
| 005 | 20220329140202.0 | ||
| 008 | 971013s1976 r 00010 d | ||
| 010 | _a48257 | ||
| 011 | _a49229 | ||
| 035 | _a53377 | ||
| 040 | _cCHAP | ||
| 090 | _aTesis | ||
| 100 | 0 | 0 |
_aVázquez Moreno, Beatriz. _9120445 |
| 245 | _aCorrelación entre métodos diferentes para selección de maíces con gene opaco-2 y estudio de metodología genotecnia | ||
| 260 |
_aMéxico, D.F. : _bEl autor, _c1976 |
||
| 300 |
_a54 h. _b; gráfs. |
||
| 502 | _aTesis (Químico-Farmaco-Biólogo) -- UNAM. Fac. de Química | ||
| 590 |
_aALEPH _b10 _c20130110 _lUCH01 _h1319 |
||
| 590 |
_aBATCH-UPD _b10 _c20130109 _lUCH01 _h2327 |
||
| 590 |
_aBATCH-UPD _b10 _c20130110 _lUCH01 _h1720 |
||
| 590 |
_aBATCH-UPD _b10 _c20130409 _lUCH01 _h1852 |
||
| 590 |
_aBATCH-UPD _b10 _c20130410 _lUCH01 _h1104 |
||
| 590 |
_aBATCH-UPD _b10 _c20130914 _lUCH01 _h1752 |
||
| 590 |
_aCONVERSION _b10 _c20130109 _lUCH01 _h1326 |
||
| 650 | 1 | 4 |
_aMaíz opaco. _971117 |
| 650 | 1 | 4 |
_aMaíz _xGenética. _970963 |
| 901 | _aBK | ||
| 942 | _cTESIS | ||
| 949 |
_bBC _cTES _d-118400 _eTS1 _i53377 _si |
||
| 999 |
_c48257 _d48257 |
||